| 000 | 00973nas a2200313 4500 | ||
|---|---|---|---|
| 001 | BR2015000922 | ||
| 003 | BR-BrBNA | ||
| 005 | 20231205125023.0 | ||
| 007 | ta | ||
| 008 | 230509b bl.|||p| |||| 00| 00por d | ||
| 040 |
_aBR-BrBNA _bpor _cBiblioteca Nacional de Agricultura |
||
| 041 | _a(En) | ||
| 072 | _aF60 | ||
| 100 | 1 | _aVestena, S. | |
| 100 | 1 | _aCambraia, J. | |
| 100 | 1 | _aRibeiro, C. | |
| 100 | 1 | _aOliveira, J.A. | |
| 100 | 1 | _aOliva, M.A. | |
| 245 | 1 | _aCadmium-induced oxidative stress and antioxidative enzyme response in water hyacinth and salvinia | |
| 650 | _aPLANTA AQUATICA | ||
| 650 | _aEICHHORNIA CRASSIPES | ||
| 650 | _aFITOTOXICIDADE | ||
| 650 | _aOXIDACAO | ||
| 650 | _aSTRESS | ||
| 773 | 0 |
_tBrazilian Journal of Plant Physiology (Brazil) _xISSN 1677-0420 _g(2011), v. 23(2) p. 131-139 _wBR2015000922 |
|
| 856 | 4 | 0 | _uhttp://www.scielo.br/pdf/bjpp/v23n2/a05v23n2.pdf |
| 909 |
_a202311 _bLúcia _c55 _dLúcia Elande |
||
| 942 |
_2AGRIS _n0 _cANA |
||
| 999 |
_c242170 _d242170 |
||